Aufstieg und Fall des Dritten Reiches
Uloženo v:
| Hlavní autor: | |
|---|---|
| Médium: | Kniha |
| Jazyk: | němčina |
| Vydáno: |
Dresden
Knaur
1963
|
| Vydání: | 1a. ed |
| Témata: | |
| Tagy: |
Přidat tag
Žádné tagy, Buďte první, kdo vytvoří štítek k tomuto záznamu!
|
MARC
| LEADER | 00000cam a2200000 a 4500 | ||
|---|---|---|---|
| 001 | UCD4205 | ||
| 003 | CL-VaPUC | ||
| 008 | 160701e19630000gw |||||||||||||||||ger|d | ||
| 082 | 0 | 4 | |a 943.086 |b SHI |2 21 |
| 100 | 0 | |a Shirer, William L |e author |9 587837 | |
| 245 | 1 | 0 | |a Aufstieg und Fall des Dritten Reiches |
| 250 | |a 1a. ed | ||
| 300 | |a v | ||
| 942 | |c BK | ||
| 945 | |d 20160701 20:49:00 |a dcastane | ||
| 260 | |a Dresden |b Knaur |c 1963 | ||
| 650 | 7 | |a TERCER REICH |2 CL-VaPUC |9 439830 | |
| 650 | 7 | |a HISTORIA DE ALEMANIA 1922-1945 |2 CL-VaPUC |9 442428 | |
| 583 | |a last modification |c 20160701 20:49:00 |k Rodrigo Vera | ||
| 999 | |c 365147 |d 365145 | ||
| 952 | |0 0 |1 0 |3 erb |4 0 |6 943_086000000000000_SHI_1963 |7 0 |8 A |9 478894 |a FDOHBE |b FDOHBE |e Huesbe Llanos, Marco Antonio, 1934- |h v.1 |i 5332230 |o 943.086 SHI 1963 |p 5332230 |r 2024-01-30 |w 2019-11-24 |y BK |z Catalogado en:20160701 |k HBE | ||